Statistics for 2022 MLB Postseason Bracket Quiz

Click here to take the quiz!

General Stats

  • This quiz has been taken 50 times
  • The average score is 9 of 12

Answers on the Map

Answers color-coded by a green-red scale on the quiz's map according to % correct below.
 

Answer Stats

Answer% Correct
Astros
84%
Dodgers
82%
Mets
82%
Blue Jays
79%
Phillies
76%
Yankees
76%
Cardinals
74%
Braves
71%
Guardians
68%
Mariners
68%
Padres
66%
Rays
58%

Score Distribution

Percentile by Number Answered

Percent of People with Each Score

Your Score History

You have not taken this quiz